| 000 | 01001nem a2200241 i 4500 | ||
|---|---|---|---|
| 001 | 109976 | ||
| 003 | ES-MaACL | ||
| 005 | 20250720204513.0 | ||
| 007 | t| | ||
| 008 | 061121s1962 sp r | z|0|1||spa d | ||
| 130 | 0 |
_aMoianés (Comarca). _kMapas topográfico-excursionistas. _f1967. _9164702 |
|
| 245 | 1 | 0 |
_aMoianès [ _hMaterial cartográfico] _b: Santa María de Oló, Estany, Puig Rodós, Vall de Marfá, El Toll, Collsuspina, Granera : mapa topográfico-excursionista / _cdib. P. Falché ; resol. tecn. X. Coll. |
| 255 | _aEscala 1:25.000. | ||
| 260 |
_aGranollers : _bEd. Alpina, _c1962. |
||
| 300 |
_a1 mapa : _bcol ; _c69 x 60 cm pleg. en 16 x 10 cm + _eguía cartográfica (24 p. 16 cm) |
||
| 490 | 1 |
_aCartografía ; _v37 |
|
| 592 | _aRelieve representado por curvas de nivel. | ||
| 700 | 1 |
_aFalche, Pascual. _9164700 |
|
| 700 | 1 |
_aColl, Xavier, _d1901-1981 _939622 |
|
| 830 | 0 |
_aCartografía ; _v37 _9233001 |
|
| 852 |
_aES-MaACL _j2030-F-1 _bR.51242 |
||
| 999 |
_c109976 _d109976 |
||